Formula 1: All Time Point Scorers (Adjusted) - Statistics

General Stats
  • This quiz has been taken 1,085 times
    256 since last reset
  • The average score is 25 of 30
Answer Stats
Points Driver Nationality % Correct
5,279.5 Lewis Hamilton United Kingdom
100%
3,890 Michael Schumacher Germany
100%
1,096 Ralf Schumacher Germany
100%
3,219 Fernando Alonso Spain
99%
3,273.5 Max Verstappen Netherlands
99%
3,282 Sebastian Vettel Germany
99%
2,791 Kimi Räikkönen Finland
98%
1,859.5 Ayrton Senna Brazil
97%
2,470.5 Alain Prost France
96%
1,578 Charles Leclerc Monaco
96%
1,572 Sergio Pérez Mexico
93%
1,337 Niki Lauda Austria
92%
1,305 Daniel Ricciardo Australia
91%
1,766 Valtteri Bottas Finland
90%
1,253.5 Carlos Sainz Spain
89%
1,382 Mika Häkkinen Finland
89%
1,358 Mark Webber Australia
87%
1,892 Rubens Barrichello Brazil
86%
1,682 Felipe Massa Brazil
83%
1,737 Nico Rosberg Germany
83%
1,836.5 Jenson Button United Kingdom
81%
1,682 Nelson Piquet Brazil
81%
1,332 Lando Norris United Kingdom
78%
1,500 Nigel Mansell United Kingdom
74%
1,091 Damon Hill United Kingdom
70%
1,409.5 Gerhard Berger Austria
67%
1,726 David Coulthard United Kingdom
63%
1,123.5 Carlos Reutemann Argentina
58%
1,109 Jackie Stewart United Kingdom
57%
1,106 Riccardo Patrese Italy
49%
No matching quizzes found
Score Distribution
Percent of People with Each Score
Percentile by Number Answered
Your Score History
You have not taken this quiz since the last reset